Food, feminisms, rhetorics /
"Inspired by the need for interpretations and critiques of the varied messages surrounding what and how we eat, Food, Feminisms, Rhetorics collects eighteen essays that demonstrate the importance of food and food-related practices as sites of scholarly study, particularly from feminist rhetoric...
Saved in:
| Other Authors: | |
|---|---|
| Format: | Book |
| Language: | English |
| Published: |
Carbondale :
Southern Illinois University Press,
[2017]
|
| Series: | Studies in rhetorics and feminisms.
|
| Subjects: | |
| Tags: |
Add Tag
No Tags, Be the first to tag this record!
|
| LEADER | 04604cam a2200481 i 4500 | ||
|---|---|---|---|
| 001 | 015073766-1 | ||
| 005 | 20171130224604.0 | ||
| 008 | 161006s2017 ilua b s001 0ceng | ||
| 010 | |a 2016044017 | ||
| 020 | |a 9780809335909 |q paperback | ||
| 020 | |a 0809335905 |q paperback | ||
| 020 | |z 9780809335916 |q electronic book | ||
| 035 | |a (YBPMetadataService)99973962304 | ||
| 035 | 0 | |a ocn953985427 | |
| 040 | |a DLC |b eng |e rda |c DLC |d BTCTA |d YDXCP |d BDX |d OCLCO |d OCLCF |d OCLCQ |d SPI |d YDX |d OCLCO |d GUA |d MDS |d SOI | ||
| 042 | |a pcc | ||
| 050 | 0 | 0 | |a TX644 |b .F66 2017 |
| 082 | 0 | 0 | |a 808.06/6641 |2 23 |
| 245 | 0 | 0 | |a Food, feminisms, rhetorics / |c edited by Melissa A. Goldthwaite. |
| 264 | 1 | |a Carbondale : |b Southern Illinois University Press, |c [2017] | |
| 300 | |a xii, 280 pages : |b illustrations ; |c 23 cm. | ||
| 336 | |a text |b txt |2 rdacontent | ||
| 337 | |a unmediated |b n |2 rdamedia | ||
| 338 | |a volume |b nc |2 rdacarrier | ||
| 490 | 1 | |a Studies in rhetorics and feminisms | |
| 504 | |a Includes bibliographical references and index. | ||
| 505 | 0 | |a Writing recipes, telling histories : cookbooks as feminist historiography / Carrie Helms Tippen -- The embodied rhetoric of recipes / Jennifer Cognard-Black -- Understanding the significance of "kitchen thrift" in prescriptive texts about food / Jennifer E. Courtney -- Promoting peace, subverting domesticity : cookbooks against war, 1968-83 / Abby Dubisar -- The meaning of a meal : M.F.K. Fisher and gastronomical kairos / Erin Branch -- Feminist culinary autobiographies : batterie de cuisine to peaceable kingdom / Lynn Z. Bloom -- From street food to digital kitchens : toward a feminist rhetoric of culinary tourism (or, How not to devour Paris and eat your way through Asia) / Kristin Winet -- Not your father's family farm : toward transformative rhetorics of food and agriculture / Abby Wilkerson -- Baklava as home : exile and Arab cooking in Diana Abu-Jaber's novel Crescent / Arlene Voski Avakian -- Feeling good and eating well : race, gender, and affect in Ruth Ozeki's My Year of Meats / Winona Landis -- Sugar and spice : cooking with the girl poisoner / Sylvia A. Pamboukian -- Boxed wine feminisms : the rhetoric of women's wine drinking in The Good Wife / Tammie M. Kennedy -- The commodification of Mexican women on Mexican food packaging / Consuelo Carr Salas -- Feeding the self : representations of nourishment and female bodies in Holocaust art / Alexis Baker -- Evolving ana : inviting recovery / Morgan Gresham -- Reconstructing the female food-body : profanity, purity, and the Bakhtinian grotesque in Skinny Bitch / Rebecca Ingalls -- Gusto and grace : Two Fat Ladies and the rhetorical construction of a fat culinary ethos / Sara Hillin -- Deconstructing the plus-size female sleuth : fat positive discourse, rhetorical excess, and cultural constructions of femininity in cozy crime fiction / Elizabeth Lowry. | |
| 520 | |a "Inspired by the need for interpretations and critiques of the varied messages surrounding what and how we eat, Food, Feminisms, Rhetorics collects eighteen essays that demonstrate the importance of food and food-related practices as sites of scholarly study, particularly from feminist rhetorical perspectives. Contributors analyze messages about food and bodies--from what a person watches and reads to where that person shops--taken from sources mundane and literary, personal and cultural. This collection begins with analyses of the historical, cultural, and political implications of cookbooks and recipes; explores definitions of feminist food writing; and ends with a focus on bodies and cultures--both self-representations and representations of others for particular rhetorical purposes. The genres, objects, and practices contributors study are varied--from cookbooks to genre fiction, from blogs to food systems, from product packaging to paintings--but the overall message is the same: food and its associated practices are worthy of scholarly attention" -- From the publisher. | ||
| 650 | 0 | |a Food writing. | |
| 650 | 0 | |a Food in literature. | |
| 650 | 0 | |a Feminist literature. | |
| 650 | 0 | |a Food writers |v Biography. | |
| 650 | 7 | |a Feminist literature. |2 fast |0 (OCoLC)fst00922784 | |
| 650 | 7 | |a Food in literature. |2 fast |0 (OCoLC)fst00930837 | |
| 650 | 7 | |a Food writers. |2 fast |0 (OCoLC)fst00931248 | |
| 650 | 7 | |a Food writing. |2 fast |0 (OCoLC)fst00931249 | |
| 655 | 7 | |a Biography. |2 fast |0 (OCoLC)fst01423686 | |
| 700 | 1 | |a Goldthwaite, Melissa A., |d 1972- |e editor. | |
| 830 | 0 | |a Studies in rhetorics and feminisms. | |
| 899 | |a 285_473308 | ||
| 899 | |a 415_566010 | ||
| 988 | |a 20170726 | ||
| 906 | |0 DLC | ||


